=LDR 00000nam 2200000 4500 =001 INLIS000000000008819 =005 20130612100637 =008 ***********************************Ind** =035 ##$$0010-061300000008819 =041 ##$$a Ind =082 ##$$a F Rom D =090 ##$$a F Rom D, Les m =100 ##$$a lestari, V =245 ##$$a Misteri Gaun Merah, Lestari, V =260 ##$$a 1990 $b Jakarta =300 ##$$a 368 hlm, 18 cm =650 ##$$a Fiksi Anak =850 ##$$a NBPNMAT